000 01193nam0a22003251 4500
001 rc\2278444
005 20250623041022.0
035 _a(NLR Aleph) 006558132
090 _a6814221
_c6814221
100 _a20110829d1979 |||y0rusy50 ca
101 0 _arus
102 _aRU
105 _aa z |||||
200 1 _aОлимпиада-80
_eАльманах
_fСост. Ю. Метаев
210 _aМосква
_cФизкультура и спорт
_d1979
215 _a191 с.
_cил.
_d24
601 1 2 _aЛетние олимпийские игры
_d22
_eМосква, город
_f1980
_jСборники
_xПодготовка и проведение
_92605951
_3RU\NLR\AUTH\661542509
601 1 2 _aОлимпийские игры
_d22
_f1980
_eМосква
_jСборники
_xПодготовка
_2psbo
686 _a7А.02
_2rubbk
686 _a75.4
_2rubbk
686 _aЧ514(2)90"ХХП"я43
_2rubbk
702 1 _aМетаев
_bЮ.А.
_gЮрий Александрович
_4220
801 1 _aRU
_bELAR
_2rusmarc
801 0 _aRU
_bNLR
_gpsbo
852 _aNLR
_j80-7/312
899 _aRuMoRGB
_jВ 79-48/184
899 _aRuMoRGB
_jВ 79-48/185
942 _cBOOK
980 _aNB